Word Capitals- Sudden Death - Statistics

General Stats
  • This quiz has been taken 118 times
  • The average score is 7 of 10
Answers on the Grid
Answers color-coded by a green-red scale on the quiz's grid according to % correct below.
New York
Las Vegas
Washington DC
Edinburgh
London
Cardiff
Barcelona
Valencia
Madrid
Lisbon
Porto
Braga
Leipzig
Berlin
Munich
Jeddah
Mecca
Riyadh
Tokyo
Nagasaki
Hiroshima
Paris
Lyon
Nice
Zurich
Geneva
Bern
Kano
Abuja
Lagos
 
Answer Stats
Answer % Correct
Washington DC
96%
London
84%
Lisbon
80%
Madrid
80%
Berlin
76%
Paris
76%
Tokyo
76%
Bern
68%
Riyadh
56%
Abuja
48%
No matching quizzes found
Score Distribution
Percent of People with Each Score
Percentile by Number Answered
Your Score History
You have not taken this quiz